Microbiología / (Registro nro. 36594)
[ vista simple ]
| 000 -LEADER | |
|---|---|
| fixed length control field | 01114cam a2200313 i 4500 |
| 001 - CONTROL NUMBER | |
| control field | 36594 |
| 003 - CONTROL NUMBER IDENTIFIER | |
| control field | Mx-PuUPA |
| 005 - DATE AND TIME OF LATEST TRANSACTION | |
| control field | 20250721094758.0 |
| 008 - FIXED-LENGTH DATA ELEMENTS--GENERAL INFORMATION | |
| fixed length control field | 140415s2000 mx ad fr 001 0 spa d |
| 020 ## - INTERNATIONAL STANDARD BOOK NUMBER | |
| International Standard Book Number | 9701019555 |
| 040 ## - CATALOGING SOURCE | |
| Original cataloging agency | Mx-PuUPA |
| Language of cataloging | spa |
| Transcribing agency | Mx-PuUPA |
| Modifying agency | Mx-PuUPA |
| Description conventions | rda |
| 041 1# - LANGUAGE CODE | |
| Language code of text/sound track or separate title | spa |
| Language code of original | eng |
| 100 1# - MAIN ENTRY--PERSONAL NAME | |
| Personal name | Walker, T. Stuart, |
| 9 (RLIN) | 10825 |
| Relator term | autor |
| 240 1# - UNIFORM TITLE | |
| Uniform title | Microbiology. |
| Language of a work | Español |
| 245 10 - TITLE STATEMENT | |
| Title | Microbiología / |
| Statement of responsibility, etc. | T. Stuart Walker ; traducción, Ma. Teresa Aguilar Ortega |
| 250 ## - EDITION STATEMENT | |
| Edition statement | Primera edición |
| 264 #4 - PRODUCTION, PUBLICATION, DISTRIBUTION, MANUFACTURE, AND COPYRIGHT NOTICE | |
| Place of production, publication, distribution, manufacture | México, D.F. : |
| Name of producer, publisher, distributor, manufacturer | McGraw-Hill Interamericana Editores, |
| Date of production, publication, distribution, manufacture, or copyright notice | ©2000 |
| 300 ## - PHYSICAL DESCRIPTION | |
| Extent | ix, 532 páginas : |
| Other physical details | ilustraciones, diagramas ; |
| Dimensions | 28 cm |
| 336 ## - CONTENT TYPE | |
| Content type term | texto |
| Fuente | rdacontent |
| Content type code | txt |
| 337 ## - MEDIA TYPE | |
| Media type term | sin medio |
| Source | rdamedia |
| Media type code | n |
| 338 ## - CARRIER TYPE | |
| Carrier type term | volumen |
| Source | rdacarrier |
| Carrier type code | nc |
| 650 #7 - SUBJECT ADDED ENTRY--TOPICAL TERM | |
| Topical term or geographic name entry element | Microbiología |
| Source of heading or term | armarc |
| 700 1# - ADDED ENTRY--PERSONAL NAME | |
| Personal name | Aguilar Ortega, Ma. Teresa, |
| Relator term | traductor |
| 765 0# - ORIGINAL LANGUAGE ENTRY | |
| Main entry heading | Walker, T. Stuart |
| Title | Microbiology |
| Place, publisher, and date of publication | Philadelphia, Pennsylvania : Saunders Company, 1998 |
| International Standard Book Number | 0721646417 |
| 942 ## - ADDED ENTRY ELEMENTS (KOHA) | |
| Source of classification or shelving scheme | Dewey Decimal Classification |
| Koha item type | Libro |
| Classification part | 616.9041 |
| Item part | W155 |
| Withdrawn status | Lost status | Source of classification or shelving scheme | Damaged status | Not for loan | Home library | Current library | Shelving location | Date acquired | Source of acquisition | Total Checkouts | Full call number | Barcode | Price effective from | Koha item type | Collection code | Total Renewals | Date last seen | Date last checked out | Copy number |
|---|---|---|---|---|---|---|---|---|---|---|---|---|---|---|---|---|---|---|---|
| Extraviado | Dewey Decimal Classification | Biblioteca Karol Wojtyla | Biblioteca Karol Wojtyla | 03/12/2013 | Compra | 579 WAL | 76241 | 03/12/2013 | Libro | ||||||||||
| Dewey Decimal Classification | Biblioteca Karol Wojtyla | Biblioteca Karol Wojtyla | Sala general | 03/12/2013 | Compra | 18 | 616.9041 W155 2000 | 55457 | 03/12/2013 | Libro | General | 2 | 05/01/2026 | 22/02/2024 | Ej.2 | ||||
| Dewey Decimal Classification | Biblioteca Karol Wojtyla | Biblioteca Karol Wojtyla | Sala general | 03/12/2013 | Compra | 18 | 616.9041 W155 2000 | 55480 | 03/12/2013 | Libro | General | 2 | 28/02/2024 | 28/02/2024 | Ej.3 | ||||
| Extraviado | Dewey Decimal Classification | Biblioteca Karol Wojtyla | Biblioteca Karol Wojtyla | 03/12/2013 | Compra | 576 WAL | 55065 | 03/12/2013 | Libro | ||||||||||
| Dewey Decimal Classification | Biblioteca Karol Wojtyla | Biblioteca Karol Wojtyla | Sala general | 03/12/2013 | Compra | 17 | 616.9041 W155 2000 | 65706 | 12/11/2014 | Libro | General | 1 | 05/01/2026 | 04/11/2022 | Ej.6 | ||||
| Dewey Decimal Classification | Biblioteca Karol Wojtyla | Biblioteca Karol Wojtyla | Sala general | 03/12/2013 | Compra | 12 | 616.9041 W155 2000 | 54025 | 03/12/2013 | Libro | General | 2 | 05/01/2026 | 15/09/2022 | Ej.5 | ||||
| Extraviado | Dewey Decimal Classification | Biblioteca Karol Wojtyla | Biblioteca Karol Wojtyla | 03/12/2013 | Compra | 576 WAL | 68200 | 03/12/2013 | Libro | ||||||||||
| Dewey Decimal Classification | Biblioteca Karol Wojtyla | Biblioteca Karol Wojtyla | Sala general | 03/12/2013 | Compra | 28 | 579 WAL | 71545 | 22/05/2014 | Libro | General | 1 | 05/01/2026 | 05/04/2024 | |||||
| Extraviado | Dewey Decimal Classification | Biblioteca Karol Wojtyla | Biblioteca Karol Wojtyla | 03/12/2013 | Compra | 576 WAL | 55066 | 03/12/2013 | Libro | ||||||||||
| Dewey Decimal Classification | Biblioteca Karol Wojtyla | Biblioteca Karol Wojtyla | Sala general | 03/12/2013 | Compra | 15 | 616.9041 W155 2000 | 71546 | 03/12/2013 | Libro | General | 3 | 05/01/2026 | 16/05/2025 | |||||
| Extraviado | Dewey Decimal Classification | Biblioteca Karol Wojtyla | Biblioteca Karol Wojtyla | 03/12/2013 | Compra | 576 WAL | 55503 | 03/12/2013 | Libro | ||||||||||
| Extraviado | Dewey Decimal Classification | Biblioteca Karol Wojtyla | Biblioteca Karol Wojtyla | 03/12/2013 | Compra | 579 WAL | 56345 | 03/12/2013 | Libro |